000
00203 a2200097 4500
001
57539
100
_a
245
_a
Sare Wadi Seena
260
_a
Karachi
_b
Danial
_c
1992
090
_c
35269
_d
35269
942
_a
NUST-CAE
_c
MONOGRAPH
_c
28079
999
_c
292612
_d
292612